| 000 | 00433nam a2200157Ia 4500 | ||
|---|---|---|---|
| 008 | 151213s9999 xx 000 0 und d | ||
| 100 | _aJack R.Meredith & J. Mantal Jr. | ||
| 245 |
_aProject Management _cJack R.Meredith & J. Mantal Jr. |
||
| 250 | _a3rd | ||
| 260 |
_aNew York _bJohn wiley _c1995 |
||
| 300 | _a2774 p. | ||
| 650 | _aManagement | ||
| 650 | _aManagement | ||
| 700 | _aJack R.Meredith & J. Mantal Jr. | ||
| 999 |
_c1884 _d1884 |
||